ORGB / (Record no. 3748)

000 -LEADER
fixed length control field 00961pam a2200289 a 4500
001 - CONTROL NUMBER
control field 4888531
003 - CONTROL NUMBER IDENTIFIER
control field OSt
005 - DATE AND TIME OF LATEST TRANSACTION
control field 20161202090646.0
008 - FIXED-LENGTH DATA ELEMENTS--GENERAL INFORMATION
fixed length control field 930715s1994 njua b 001 0 eng
010 ## - LIBRARY OF CONGRESS CONTROL NUMBER
LC control number 93026322
020 ## - INTERNATIONAL STANDARD BOOK NUMBER
International Standard Book Number 9780324581324
040 ## - CATALOGING SOURCE
Original cataloging agency DLC
Transcribing agency DLC
Modifying agency DLC
050 00 - LIBRARY OF CONGRESS CALL NUMBER
Classification number HD58.7.N45 2009
082 00 - DEWEY DECIMAL CLASSIFICATION NUMBER
Classification number 658.3
Edition number 20
100 ## - MAIN ENTRY--PERSONAL NAME
Personal name Nelson,Debra
245 10 - TITLE STATEMENT
Title ORGB /
Statement of responsibility, etc Debra Nelson and James campbell Quick
250 ## - EDITION STATEMENT
Edition statement Student Edition.
260 ## - PUBLICATION, DISTRIBUTION, ETC. (IMPRINT)
Place of publication, distribution, etc Australia. :
Name of publisher, distributor, etc South-Western / Cengage learning,
Date of publication, distribution, etc c2009.
300 ## - PHYSICAL DESCRIPTION
Extent various pages. :
Other physical details col. ill. ;
Dimensions 24 cm.
504 ## - BIBLIOGRAPHY, ETC. NOTE
Bibliography, etc Includes bibliographical references and index.
650 #0 - SUBJECT ADDED ENTRY--TOPICAL TERM
Topical term or geographic name as entry element Organizational behavior.
700 ## - ADDED ENTRY--PERSONAL NAME
Personal name Quick Campbell James
740 0# - ADDED ENTRY--UNCONTROLLED RELATED/ANALYTICAL TITLE
Uncontrolled related/analytical title Organizational behavior.
906 ## - LOCAL DATA ELEMENT F, LDF (RLIN)
a 7
b cbc
c orignew
d 1
e ocip
f 19
g y-gencatlg
942 ## - ADDED ENTRY ELEMENTS (KOHA)
Source of classification or shelving scheme
Koha item type Book
Holdings
Withdrawn status Lost status Source of classification or shelving scheme Damaged status Not for loan Home library Current library Shelving location Date acquired Total Checkouts Full call number Barcode Date last seen Copy number Price effective from Koha item type
          Riara University Library Riara University Library General stack 02/12/2016   HD58.7.N45 2009 8529/16 02/12/2016 C.1 02/12/2016 Book

Riara University Library,
P.O. Box 49940-00100,
Nairobi, Kenya.